ՀՀ Գիտությունների ազգային ակադեմիայի հիմնարար գիտական գրադարան  =   Fundamental Scientific Library of NAS RA

Նոր Կտակարան տեառն մերոյ Յիսուսի Քրիստոսի : (Record no. 227618)

MARC details
000 -LEADER
fixed length control field 00675nam a2200181 a 4500
001 - CONTROL NUMBER
control field 000572243
003 - CONTROL NUMBER IDENTIFIER
control field AM-YEHGA
005 - DATE AND TIME OF LATEST TRANSACTION
control field 20260123094622.0
008 - FIXED-LENGTH DATA ELEMENTS--GENERAL INFORMATION
fixed length control field 080318s1891 tu ||||er|||||000|1|arm|d
040 ## - CATALOGING SOURCE
Original cataloging agency AM-YEHGA
041 0# - LANGUAGE CODE
Language code of text/sound track or separate title arm
245 00 - TITLE STATEMENT
Title Նոր Կտակարան տեառն մերոյ Յիսուսի Քրիստոսի :
Remainder of title Համեմատեալ ընդ յոյն բնագրին.
260 ## - PUBLICATION, DISTRIBUTION, ETC.
Place of publication, distribution, etc. Կոստանդնուպոլիս :
Name of publisher, distributor, etc. տպ. Ա. Յակոբ Պօյաճեան,
Date of publication, distribution, etc. 1891.
300 ## - PHYSICAL DESCRIPTION
Extent 736 էջ
500 ## - GENERAL NOTE
General note Ծախիւք Ամերիկեան ընկերութեան աստուածաշունչ գրոց
650 14 - SUBJECT ADDED ENTRY--TOPICAL TERM
Topical term or geographic name entry element Նոր կտակարան
9 (RLIN) 5096
942 ## - ADDED ENTRY ELEMENTS (KOHA)
Source of classification or shelving scheme Universal Decimal Classification
Koha item type Գրքեր / Books
Holdings
Withdrawn status Lost status Damaged status Not for loan Collection Home library Current library Date acquired Total checkouts Full call number Barcode Date last seen Price effective from Koha item type Public note Source of classification or shelving scheme
        General Fundamental Scientific Library Fundamental Scientific Library 28/12/2016   AI/3943 FL0039006 28/12/2016 28/12/2016 Գրքեր / Books 30 Days Loan  
        General Fundamental Scientific Library Fundamental Scientific Library 28/12/2016   AI/3944 FL0078887 28/12/2016 28/12/2016 Գրքեր / Books 30 Days Loan  
        Gharibyan individual Collection Fundamental Scientific Library Fundamental Scientific Library 06/11/2025   Ղար/1002 FL0699732 06/11/2025 04/12/2025 Գրքեր / Books ILL Non-Circ. Universal Decimal Classification


ՀՀ ԳԱԱ հիմնարար գիտական գրադարան
ՀՀ,Երևան 0019
Մարշալ Բաղրամյան 24/6
հեռախոս:(374-10) 52-47-50
Հետադարձ կապ

All site content, except where otherwise noted, is licensed under a
Creative Commons License